LES 10 MEILLEURS BUTEURS DE L'HISTOIRE DU REAL MADRID. - Statistiques

Statistiques générales
  • Ce quiz a été pris 150 fois
  • Le résultat moyen est 4 sur 10
Statistiques - réponses
RANG NOM BUTS % Correct
1 CRISTIANO RONALDO 438
100%
2 KARIM BENZEMA 354
98%
3 RAUL 323
73%
6 FERENC PUSKAS 204
36%
9 PACO GENTO 165
17%
8 EMILIO BUTRAGUENO 168
16%
7 HUGO SANCHEZ 199
10%
5 SANTILLANA 267
4%
4 ALFREDO FI STEFANO 278
2%
10 PIRRI 156
2%
Aucun quiz correspondant
Distribution des résultats
% des personnes avec chaque résultat
Percentile par nombre de réponses
Votre historique - résultats
Vous n’avez pas pris ce quiz